Smith's anesthesia for infants and children / (Record no. 2411)
[ view plain ]
| 000 -LEADER | |
|---|---|
| fixed length control field | 00482cam a22001695i 4500 |
| 008 - FIXED-LENGTH DATA ELEMENTS--GENERAL INFORMATION | |
| fixed length control field | 210513s2021 pau 000 0 eng |
| 020 ## - INTERNATIONAL STANDARD BOOK NUMBER | |
| ISBN | 9780323698252 |
| 100 1# - MAIN ENTRY--AUTHOR | |
| Author | Davis, Peter J. |
| 245 10 - TITLE STATEMENT | |
| Title | Smith's anesthesia for infants and children / |
| Statement of responsibility, etc | Peter J. Davis, Franklyn P. Cladis. |
| 250 ## - EDITION STATEMENT | |
| Edition statement | 10. |
| 260 ## - PUBLICATION, DISTRIBUTION, ETC. (IMPRINT) | |
| Place of publication | Philadelpia |
| Name of publisher | Elsevier Ltd |
| Date of publication | 2022 |
| 300 ## - COLLATION | |
| Pagination | pages cm |
| 650 ## - TRACINGS | |
| Main Subject | Pediatric Anessthesia |
| 700 1# - ADDITIONAL AUTHOR | |
| Additional Author | Cladis, Franklyn P., |
| 942 ## - ADDED ENTRY ELEMENTS (KOHA) | |
| Item type | Books |
| 050 ## - LIBRARY OF CONGRESS CALL NUMBER | |
| Classification number | RD139 |
| Item number | .S62 |
| Source of classification or shelving scheme | Not for loan | Permanent location | Current location | Date acquired | Accession No. | Full call number | Barcode. | Koha item type |
|---|---|---|---|---|---|---|---|---|
| Library of Congress Classification | Medical Library | Medical Library | 03/18/2025 | 2024/63741 | RD139.S62 | 2025-0675 | Books |